Bio-bibliografía eclesiástica mexicana, 1821-1943 /

Esta obra comprende dos partes: la primera relativa a los obispos, tanto residenciales como titulares, y la segunda a los sacerdotes.

-д хадгалсан:
Номзүйн дэлгэрэнгүй
Үндсэн зохиолч: Valverde Téllez, Emeterio (autor)
Бусад зохиолчид: Bravo Ugarte, José (dirección y prólogo) (dirección y prólogo)
Формат: Ном
Хэл сонгох:испани
Хэвлэсэн: México : Jus, 1949, c1949
Цуврал:(Colección de Estudios Históricos)
Нөхцлүүд:
Шошгууд: Шошго нэмэх
Шошго байхгүй, Энэхүү баримтыг шошголох эхний хүн болох!

MARC

LEADER 00000nam^a2200000^a^4500
001 000117884
005 20250521000000.0
009 20260310094222.512
037 |a Acervo ITESO - Biblioteca 
041 |a ESP 
082 |a 972.  |b VAL 
100 |a Valverde Téllez, Emeterio  |e (autor) 
245 1 0 |a Bio-bibliografía eclesiástica mexicana, 1821-1943 /  |c E. Valverde Téllez ; dir. y pról. de J. Bravo Ugarte. 
264 4 |a México :  |b Jus,  |c 1949, c1949 
300 |a 2 v. 
336 |a texto  |b txt  |2 rdacontenido 
337 |a sin mediación  |b n  |2 rdamedio 
338 |a volumen  |b nc  |2 rdasoporte 
440 1 |a (Colección de Estudios Históricos) 
520 |a Esta obra comprende dos partes: la primera relativa a los obispos, tanto residenciales como titulares, y la segunda a los sacerdotes. 
649 |a XX 
650 |a Obispos de México 
650 |a Religiosos Mexicanos 
650 |a Iglesia Católica en México -  |x Historia 
650 |a Catolicismo -  |z México -  |x Historia 
650 |a Cristianismo -  |z México -  |x Historia 
650 |a Religión -  |z México -  |x Historia 
650 |a Religión 
650 |a México -  |x Historia -  |y Siglo XIX 
650 |a México -  |x Historia -  |y 1910-1946 
650 |a México -  |x Historia -  |y Siglo XX 
700 |a Bravo Ugarte, José  |e (dirección y prólogo) 
910 |a Fondo Salvador Reynoso Reynoso 
920 |a Impresos - Libros 
930 |a Fondos Especiales 
905 |a 112 
901 |a 0800004317  |b IT2  |c ESP  |u 20250521 
901 |a 0800004366  |b IT2  |c ESP  |u 20250521 
902 |a https://opac.biblio.iteso.mx/vufind/Record/000117884